Pokémon names ending with letter S - Statistics

General Stats
  • This quiz has been taken 840 times
    475 since last reset
  • The average score is 33 of 69
Answer Stats
Gen Pokémon % Correct
I Gyarados
62%
I Moltres
62%
I Zapdos
62%
I Lapras
61%
V Landorus
60%
V Thundurus
58%
V Tornadus
58%
IV Froslass
57%
V Amoonguss
56%
I Paras
55%
IV Arceus
54%
V Foongus
54%
IX Iron Hands
54%
IX Iron Jugulis
54%
IX Iron Thorns
54%
IX Iron Treads
54%
III Metagross
52%
IV Rampardos
52%
I Ekans
51%
III Feebas
51%
IX Iron Leaves
51%
III Latias
51%
III Latios
51%
IV Shellos
51%
V Solosis
51%
VII Yungoos
51%
V Zweilous
51%
IV Cranidos
50%
VII Gumshoos
50%
V Eelektross
49%
VIII Enamorus
49%
I Kabutops
49%
I Tauros
49%
II Ampharos
48%
VIII Eldegoss
48%
III Nosepass
48%
III Ralts
48%
III Gorebyss
47%
IV Probopass
47%
V Reuniclus
47%
V Archeops
46%
VI Florges
46%
II Heracross
46%
II Misdreavus
46%
IV Mismagius
46%
II Ariados
45%
VII Fomantis
45%
VII Lurantis
45%
VI Xerneas
45%
III Dusclops
44%
V Cofagrigus
43%
IV Togekiss
42%
III Deoxys
41%
V Haxorus
41%
I Ninetales
41%
VIII Eternatus
40%
II Forretress
40%
V Maractus
39%
VIII Runerigus
39%
VI Aurorus
38%
IX Sandy Shocks
38%
III Tropius
38%
VIII Falinks
37%
IV Regigigas
36%
IX Spidops
36%
VIII Clobbopus
34%
IV Hippopotas
34%
IX Tandemaus
32%
IX Terapagos
29%
No matching quizzes found
Score Distribution
Percent of People with Each Score
Percentile by Number Answered
Your Score History
You have not taken this quiz since the last reset